[Event "41st Olympiad Women 2014"]
[Site "Tromso NOR"]
[Date "2014.08.14"]
[Round "11.61"]
[Board "1"]
[White "Vilhete, Vania Fausto Da T."]
[Black "Blackman, Katrina"]
[Result "1-0"]
[WhiteTitle "WIM"]
[BlackTitle "WCM"]
[WhiteElo "1832"]
[BlackElo "1627"]
[WhiteTeam "Mozambique"]
[BlackTeam "Barbados"]
[WhiteFideId "14800144"]
[BlackFideId "11100540"]
[EventDate "2014.08.02"]

1. d4 e6 2. c4 Nf6 3. Nf3 b6 4. Bg5 Bb7 5. e3 c5 6. Nc3 cxd4 7. exd4 Be7 8. Bd3
O-O 9. O-O d6 10. Re1 Nbd7 11. Rc1 h6 12. Bh4 Re8 13. Bb1 Rc8 14. b3 Nh5 15.
Bxe7 Qxe7 16. d5 Nf8 17. dxe6 fxe6 18. Nd5 Qf7 19. Nc3 a6 20. Be4 d5 21. Ne5 Qf6
22. Qxh5 dxe4 23. Nxe4 Bxe4 24. Rxe4 Red8 25. Re2 Rc5 26. Rce1 Nd7 27. Nxd7 Rxh5
28. Nxf6+ gxf6 29. Rxe6 Re5 30. R1xe5 fxe5 31. g3 Rd2 32. Rxh6 Rxa2 33. Rxb6 Kf7
34. b4 Rb2 35. c5 Ke7 36. Rxa6 Rxb4 37. c6 Kd6 38. Kg2 Rc4 39. h4 e4 40. h5 Ke5
41. h6 Kf6 42. h7 Kg7 43. Ra7+ Kh8 44. c7 e3 45. fxe3 Rxc7 46. Ra8+ Kxh7 47. Rf8
Kg7 48. Rf4 Kg6 49. Kf3 Rc3 50. g4 Rb3 51. Rd4 Kg5 52. Rd5+ Kg6 53. Kf4 Rb4+ 54.
e4 Rb6 55. Rg5+ Kf7 56. e5 Rb4+ 57. Kf5 Rb6 58. Rh5 Rb5 59. Rh7+ Kg8 60. Rd7 Kf8
61. Kf6 Ke8 62. Ra7 Rb4 63. g5 Rf4+ 64. Ke6 Kf8 65. g6 Kg8 66. Rf7 Rg4 67. Kf5
Rg1 68. e6 Rf1+ 69. Ke5 Re1+ 70. Kf6 Rf1+ 71. Ke7 Rg1 72. Rf8+ Kg7 73. Ke8 Rxg6
74. Rf7+ Kg8 75. e7 Rd6 76. Rf1 Rd2 77. Rg1+ Kh7 78. Rg4 Kh6 79. Kf7 Rf2+ 80.
Ke6 Re2+ 81. Kf6 Rf2+ 82. Ke5 Rf7 83. e8=Q 1-0

[Event "41st Olympiad Women 2014"]
[Site "Tromso NOR"]
[Date "2014.08.14"]
[Round "11.66"]
[Board "1"]
[White "Narva, Mai"]
[Black "Morales Santos, Natasha"]
[Result "1-0"]
[WhiteTitle "WCM"]
[BlackTitle "WCM"]
[WhiteElo "2205"]
[BlackElo "1726"]
[WhiteTeam "Estonia"]
[BlackTeam "Puerto Rico"]
[WhiteFideId "4500512"]
[BlackFideId "3101703"]
[EventDate "2014.08.02"]

1. e4 e6 2. d4 d5 3. e5 c5 4. c3 Nc6 5. Nf3 Bd7 6. Be2 Nge7 7. O-O Nf5 8. Be3
Qb6 9. b3 cxd4 10. cxd4 Rc8 11. a3 Be7 12. b4 a6 13. Bd3 Nxe3 14. fxe3 O-O 15.
Nbd2 f6 16. exf6 Bxf6 17. Kh1 Rce8 18. Qc2 h6 19. Qb3 Kh8 20. Bc2 e5 21. Qxd5
Be6 22. Qe4 Bg8 23. Nc4 Qc7 24. d5 Nd4 25. Nfxe5 Bxe5 26. Rxf8 Rxf8 27. Nxe5 Rf5
28. Ng6+ Kh7 29. exd4 1-0

[Event "41st Olympiad Women 2014"]
[Site "Tromso NOR"]
[Date "2014.08.14"]
[Round "11.66"]
[Board "2"]
[White "Vega Jimenez, Keyshla M."]
[Black "Tsiganova, Monika"]
[Result "0-1"]
[BlackTitle "WIM"]
[WhiteElo "1664"]
[BlackElo "2094"]
[WhiteTeam "Puerto Rico"]
[BlackTeam "Estonia"]
[WhiteFideId "3101851"]
[BlackFideId "4500199"]
[EventDate "2014.08.02"]

1. e4 c5 2. Nf3 d6 3. d4 cxd4 4. Nxd4 Nf6 5. Nc3 a6 6. Bc4 e6 7. Bb3 b5 8. O-O
Be7 9. Re1 Qc7 10. a3 O-O 11. Qf3 Nc6 12. Be3 Bb7 13. Qg3 Nxd4 14. Bxd4 e5 15.
Be3 Nxe4 16. Nxe4 Bxe4 17. Qg4 Bb7 18. Rad1 Rad8 19. Bh6 Bf6 20. Rd3 Kh8 21. Bc1
d5 22. f3 a5 23. c3 Bc8 24. Qg3 Bf5 25. Rdd1 Qc5+ 26. Be3 d4 27. cxd4 exd4 28.
Rc1 Qb6 29. Bf2 a4 30. Ba2 Rd7 31. Qf4 Bg6 32. Qg4 Qb7 33. Rc5 h5 34. Qh3 d3 35.
Bb1 Rd5 36. Rd1 Rfd8 37. Rxd5 Qxd5 38. Rd2 Bg5 39. Rd1 Qb3 0-1

[Event "41st Olympiad Women 2014"]
[Site "Tromso NOR"]
[Date "2014.08.14"]
[Round "11.66"]
[Board "3"]
[White "Narva, Triin"]
[Black "Comas Colon, Rinelly M."]
[Result "1-0"]
[WhiteTitle "WCM"]
[BlackTitle "WFM"]
[WhiteElo "2068"]
[BlackElo "1762"]
[WhiteTeam "Estonia"]
[BlackTeam "Puerto Rico"]
[WhiteFideId "4502680"]
[BlackFideId "3101576"]
[EventDate "2014.08.02"]

1. e4 g6 2. d4 Bg7 3. Nf3 d6 4. c3 Nf6 5. Bd3 Nbd7 6. O-O O-O 7. Re1 e5 8. Bg5
h6 9. Bh4 Re8 10. Nbd2 b6 11. a4 a6 12. Qc2 Bb7 13. Rad1 Qc8 14. b4 Nh5 15. Qb3
Nf4 16. Bc4 Ne6 17. Nf1 g5 18. Bg3 exd4 19. Nxd4 Ne5 20. Bxe5 Bxe5 21. Nf5 Bg7
22. N1g3 Kh7 23. Nxg7 Kxg7 24. Nf5+ Kg6 25. Qc2 Ng7 26. Nd4 c5 27. e5+ f5 28.
Nxf5 Nxf5 29. Rxd6+ Kg7 30. Rf6 Rf8 31. Rxb6 Qc7 32. bxc5 Rad8 33. g3 Ba8 34.
Rxa6 Qxc5 35. Qe2 Ne7 36. Rf6 Rc8 37. Qh5 Rc6 38. Qxh6# 1-0

[Event "41st Olympiad Women 2014"]
[Site "Tromso NOR"]
[Date "2014.08.14"]
[Round "11.66"]
[Board "4"]
[White "Rivera Negron, Yanira"]
[Black "Fomina, Tatyana"]
[Result "0-1"]
[BlackTitle "WIM"]
[WhiteElo "1603"]
[BlackElo "2216"]
[WhiteTeam "Puerto Rico"]
[BlackTeam "Estonia"]
[WhiteFideId "3101177"]
[BlackFideId "4500156"]
[EventDate "2014.08.02"]

1. c4 e5 2. g3 Nf6 3. Bg2 Bc5 4. e3 O-O 5. Nc3 c6 6. Nge2 a5 7. O-O d6 8. d4 Ba7
9. a3 Na6 10. Qc2 Bg4 11. Rb1 Qc8 12. dxe5 dxe5 13. b4 Bf5 14. e4 Be6 15. c5 b6
16. cxb6 Bxb6 17. Na4 Ba7 18. bxa5 Qc7 19. Bd2 Nd7 20. Rfc1 Rab8 21. Bf1 Rxb1
22. Rxb1 Nab8 23. Nc1 c5 24. Qb2 Qd6 25. Be3 Nc6 26. Qc3 Nd4 27. Rb7 Bb8 28.
Bxd4 exd4 29. Qc2 Qc6 30. Rb1 c4 31. Nb2 Ne5 32. Kg2 d3 33. Bxd3 cxd3 34. Qxc6
Nxc6 35. Nbxd3 Nxa5 36. Nc5 Ba7 37. Nxe6 fxe6 38. f3 Rb8 39. Rxb8+ Bxb8 40. Nd3
Nb3 41. a4 Bd6 42. Nb2 Kf7 43. Nc4 Bc7 44. Kf2 Ke7 45. Ke2 Kd7 46. Kd3 Nc5+ 47.
Kd4 Nxa4 48. f4 Nb6 49. Nd2 Nc8 50. Nf3 Ne7 51. Ng5 h6 52. Nf3 Bb6+ 53. Kd3 Nc6
54. h3 Bf2 55. g4 Bg3 56. Ke3 e5 57. f5 Nd4 58. Nxd4 exd4+ 59. Kxd4 Kd6 60. h4
Bf2+ 61. Kd3 Bxh4 62. Ke3 Ke5 63. Kf3 Bg5 64. Kg3 Kxe4 65. Kh3 0-1